000 01068nam a22001937a 4500
005 20250922144751.0
008 250909b |||||||| |||| 00| 0 eng d
020 _a9781800410930
082 _aDC 371.1175 H781 2025
100 _aHorbatsch, Roma Chumak.
_967352
245 _aMultilingual teaching :
_bthe missing piece /
_cRoma Chumak-Horbatsch.
260 _aUK :
_bMultilingual Matters,
_c©2025.
300 _axxi, 100 pages :
_billustrations (some colors) ;
_c20 cm.
500 _aIncludes references and index.
505 _aMultilingual teaching and learning glossary -- The missing piece investigation -- Themes and topics -- In closing
520 _a"This book lays out a radical new approach for teaching in multilingual classrooms: to include everyone, including those who already speak the school language, in multilingual pedagogy. The author proposes Linguistically Appropriate Practice Plus, a new resource to help teachers support the language interests of school language speakers"
650 0 _aMultilingual education.
_968036
942 _2ddc
_cDC
999 _c23716
_d23716